00812cam a22002777a 45000010005000000030006000050050017000110080041000280100017000690200022000860200018001080400023001260500024001490820008001731000020001812450043002012600035002443000064002794900041003435050008003845200054003925210019004465210018004656500023004837000028005061998FISKH20250327090745.0060612s2005 nyua 000 0 eng  a 2006276777 a0439773709 (pbk.) a9780439773706 aDLCcDLCdDLCbeng00aMLCS 2006/11613 (Q) a6121 aBerger, Melvin.10aYour brain /cMelvin and Gilda Berger. aNew York :bScholastic,c2005. a32 unnumbered pages :bcolor illustrations ;c18 × 21 cm0 aScholastic readers. Time-to-discover aG  aEach part of your brain has a special job to do. 8 a350 bLexile 8 aG bRaz-Plus  aBrain vNonfiction1 aBerger, Gilda.eAuthor